Abhivridhy: Anubhavangaliloode (Record no. 44253)

MARC details
000 -LEADER
fixed length control field 00392nam a2200145Ia 4500
082 ## - DEWEY DECIMAL CLASSIFICATION NUMBER
Classification number NR:63:58
Item number RRI
245 #0 - TITLE STATEMENT
Title Abhivridhy: Anubhavangaliloode
260 ## - PUBLICATION, DISTRIBUTION, ETC. (IMPRINT)
Place of publication Kottayam
Name of publisher Rubber Research Institute of India
Year of publication 2006
650 ## - SUBJECT ADDED ENTRY--TOPICAL TERM
Topical Term Bee keeping
650 ## - SUBJECT ADDED ENTRY--TOPICAL TERM
Topical Term Intercropping
650 ## - SUBJECT ADDED ENTRY--TOPICAL TERM
Topical Term Medicinal plants
650 ## - SUBJECT ADDED ENTRY--TOPICAL TERM
Topical Term Young budding
942 ## - ADDED ENTRY ELEMENTS (KOHA)
Koha item type Books
Holdings
Withdrawn status Lost status Damaged status Not for loan Home library Current library Date acquired Source of acquisition Full call number Accession Number Koha item type
        RRII Library RRII Library 16/12/2021 Gift NR:63:58 RRI G01000 Books